Statistiken für Freizeitpark-Maskottchen

Klicken Sie hier um das Quiz zu spielen!

Allgemein

  • Dieses Quiz wurde 37 mal gespielt
  • Das Durchschnittsergebnis liegt bei 5 aus 15

Antwortstatistiken

HintAntwort% Korrekt
Micky MausDisneyland
94%
Ed EuromausEuropa-Park
74%
GutemineParc Astérix
37%
Toos ToverhoedToverland
37%
Lola BunnyWarner Bros. Movie World
37%
PrezzemoloGardaland
29%
Henry HoundAlton Towers
23%
BobbieBobbejaanland
23%
WumboHeide-Park
23%
Olli der DracheLegoland Deutschland
20%
ShamuSeaWorld San Diego
20%
DragoPhantasialand
17%
Rasmus KlumpTivoli
17%
PingiHansa-Park
11%
PardoesEfteling
9%

Verteilung der Resultate

Perzentil nach korrekt beantworteten Fragen

Anzahl Personen mit jedem Resultat

Ihre Resultats-Entwicklung

Sie haben dieses Quiz noch nicht gespielt